Discrete time signal processing (Record no. 188321)

MARC details
000 -LEADER
fixed length control field 00516nam a2200181Ia 4500
005 - DATE AND TIME OF LATEST TRANSACTION
control field 20250328142912.0
008 - FIXED-LENGTH DATA ELEMENTS--GENERAL INFORMATION
fixed length control field 231217s9999 xx 000 0 und d
020 ## - INTERNATIONAL STANDARD BOOK NUMBER
International Standard Book Number 9788131704929
082 ## - DEWEY DECIMAL CLASSIFICATION NUMBER
Classification number 621.38481 OPP;20
100 ## - MAIN ENTRY--PERSONAL NAME
Personal name Oppenheim, Alan V. Schafer, Ronald W. Buck, John R.
245 #0 - TITLE STATEMENT
Title Discrete time signal processing
250 ## - EDITION STATEMENT
Edition statement 2nd ed.
260 ## - PUBLICATION, DISTRIBUTION, ETC. (IMPRINT)
Date of publication, distribution, etc. 1999
Name of publisher, distributor, etc. Dorling Kindersley
Place of publication, distribution, etc. New Delhi
300 ## - PHYSICAL DESCRIPTION
Extent 888
500 ## - GENERAL NOTE
General note Content pages available.
650 ## - SUBJECT ADDED ENTRY--TOPICAL TERM
Topical term or geographic name as entry element Discrete,time,processing
942 ## - ADDED ENTRY ELEMENTS (KOHA)
Koha item type Books
Holdings
Date last seen Total Checkouts Full call number Accession number Old discount Uniform Resource Identifier Cost, replacement price Price effective from Category Lost status Damaged status Department Withdrawn status bill no. bill date Permanent Location Current Location Shelving location Entry date Vendor Cost, normal purchase price Grants Currency symbol Conversion rate Discount Discount type
26/01/2024   621.38481 OPP;20 70284 25 digital/contents/50753.pdf 288.75 26/01/2024 Books     Central Library   2010/CR/0001684 25/02/2014 Central Library Central Library Central Library 28/08/2010 Allied publ. 385.00 EC RS 1 96.25 Rupees

© For any Suggestions or Query, please contact the library staff @ librarian@pes.edu or Phone: +9180 2672 1983/ 2108.